000 00454nam a2200193Ia 4500
003 OSt
005 20230418113756.0
008 210423s1972 xx 000 0 und d
040 _cAL
041 _aeng
082 _a813.54
_223
_bUPDR
100 _aUPDIKE (John)
_989911
245 _aRabbit redux
260 _bFawcett Crest book
_c1972
300 _a352
_bPB
650 _aAmerican Fiction
_989912
906 _aRabbit ; redux
942 _2ddc
_cBK
999 _c170025
_d170025